[Event "CRO-chT U18"]
[Site "Cakovec"]
[Date "2019.12.28"]
[Round "4.2"]
[White "Galoic, David"]
[Black "Drempetic, Mario"]
[Result "1/2-1/2"]
[WhiteElo "1740"]
[BlackElo "1821"]
[PlyCount "126"]
[EventDate "2019.12.27"]
[EventType "team-tourn"]
[EventRounds "7"]
[EventCountry "CRO"]
[SourceTitle "CBM 194 Extra"]
[Source "ChessBase"]
[SourceDate "2020.03.31"]
[SourceVersion "1"]
[SourceVersionDate "2020.03.31"]
[SourceQuality "1"]

1. Nf3 Nf6 2. c4 g6 3. d4 d6 4. e3 Bg7 5. Bd3 0-0 6. 0-0 Nbd7 7. Nbd2 Re8 8. b3 e5 9. dxe5 Nxe5 10. Nxe5 dxe5 11. Qc2 e4 12. Be2 Bg4 13. Bxg4 Nxg4 14. Bb2 Qd6 15. g3 Bxb2 16. Qxb2 Rad8 17. Rad1 Qe6 18. h3 Ne5 19. Kg2 f5 20. Nb1 Nd3 21. Qa1 Rd6 22. Nc3 Red8 23. Nb5 R6d7 24. Nd4 Qe5 25. Qb1 c5 26. Ne2 Rd6 27. Nf4 Nxf4+ 28. exf4 Qc3 29. Rxd6 Rxd6 30. Qe1 Rd2 31. Kg1 Qd4 32. Qa1 Kf7 33. a3 Qxa1 34. Rxa1 Rb2 35. b4 cxb4 36. axb4 Rxb4 37. Rxa7 Ke6 38. Kf1 Kd6 39. Ke2 Kc5 40. Ra8 Rxc4 41. Rh8 Kb4 42. Rxh7 b5 43. g4 Ka3 44. Rh6 b4 45. Rxg6 b3 46. Ra6+ Ra4 47. Rb6 b2 48. Kd2 Ka2 49. g5 b1Q 50. Rxb1 Kxb1 51. h4 Rd4+ 52. Kc3 Rd3+ 53. Kc4 Rh3 54. Kd4 Rxh4 55. Ke5 Rh8 56. Kxf5 Re8 57. g6 Kc2 58. g7 Kd3 59. Kg6 e3 60. fxe3 Rxe3 61. Kf7 Rg3 62. g8Q Rxg8 63. Kxg8 Ke4 1/2-1/2

[Event "CRO-chT U20 26th"]
[Site "Sv Filip i Jakov"]
[Date "2018.04.06"]
[Round "8.19"]
[White "Drempetic, Mario"]
[Black "Ljubicic, Mario"]
[Result "1-0"]
[WhiteElo "1767"]
[BlackElo "1738"]
[PlyCount "45"]
[EventDate "2018.04.03"]
[EventType "team-swiss"]
[EventRounds "11"]
[EventCountry "CRO"]
[SourceTitle "CBM 184 Extra"]
[Source "ChessBase"]
[SourceDate "2018.06.28"]
[SourceVersion "1"]
[SourceVersionDate "2018.06.28"]
[SourceQuality "1"]

1. d4 Nf6 2. c4 e6 3. Nf3 d5 4. Bg5 Nc6 5. Nc3 Bb4 6. e3 Bxc3+ 7. bxc3 0-0 8. Qc2 h6 9. Bh4 Re8 10. Ne5 Nxe5 11. dxe5 g5 12. Bg3 Ne4 13. Bd3 Nxg3 14. fxg3 c6 15. 0-0 Qc7 16. Rf6 Qxe5 17. Raf1 Qxe3+ 18. Kh1 e5 19. Bh7+ Kh8 20. Rxh6 Kg7 21. Rxf7+ Kxf7 22. Qg6+ Ke7 23. Qf6+ 1-0

[Event "CRO-chT U20 26th"]
[Site "Sv Filip i Jakov"]
[Date "2018.04.04"]
[Round "4.22"]
[White "Drempetic, Mario"]
[Black "Simunic, Krunoslav"]
[Result "0-1"]
[WhiteElo "1767"]
[BlackElo "2060"]
[PlyCount "84"]
[EventDate "2018.04.03"]
[EventType "team-swiss"]
[EventRounds "11"]
[EventCountry "CRO"]
[SourceTitle "CBM 184 Extra"]
[Source "ChessBase"]
[SourceDate "2018.06.28"]
[SourceVersion "1"]
[SourceVersionDate "2018.06.28"]
[SourceQuality "1"]

1. d4 d5 2. c4 e6 3. Nc3 Nf6 4. cxd5 exd5 5. Bg5 c6 6. Qc2 g6 7. e3 Bf5 8. Bd3 Bxd3 9. Qxd3 Be7 10. Nf3 Nbd7 11. 0-0 0-0 12. Rab1 a5 13. Rfe1 Ne4 14. Bxe7 Qxe7 15. Nd2 f5 16. f3 Nxd2 17. Qxd2 Rae8 18. a3 Rf6 19. Re2 Re6 20. Rbe1 Nb6 21. Qd3 Nc4 22. e4 fxe4 23. fxe4 Qg5 24. e5 Rf8 25. Na4 b6 26. Ra1 Qf4 27. h3 Nxe5 28. Qd1 Nf3+ 29. gxf3 Rxe2 30. Qxe2 Qxd4+ 31. Kh2 Qxa4 32. Qe6+ Kg7 33. Qe7+ Rf7 34. Qe5+ Kh6 35. b4 Qc2+ 36. Kg3 Qd3 37. bxa5 bxa5 38. Kg2 Qxf3+ 39. Kg1 Rf5 40. Qb2 Rg5+ 41. Kh2 Qg3+ 42. Kh1 Qxh3+ 0-1

[Event "CRO-chT U20 26th"]
[Site "Sv Filip i Jakov"]
[Date "2018.04.03"]
[Round "2.19"]
[White "Jurotic, Nino"]
[Black "Drempetic, Mario"]
[Result "1/2-1/2"]
[WhiteElo "1617"]
[BlackElo "1767"]
[PlyCount "29"]
[EventDate "2018.04.03"]
[EventType "team-swiss"]
[EventRounds "11"]
[EventCountry "CRO"]
[SourceTitle "CBM 184 Extra"]
[Source "ChessBase"]
[SourceDate "2018.06.28"]
[SourceVersion "1"]
[SourceVersionDate "2018.06.28"]
[SourceQuality "1"]

1. d4 d5 2. c4 e6 3. cxd5 exd5 4. Nc3 Nf6 5. Bg5 Nbd7 6. e3 c6 7. Nf3 Be7 8. g3 0-0 9. Bg2 Ne4 10. Bxe7 Qxe7 11. Nxe4 dxe4 12. Nd2 f5 13. 0-0 Nf6 14. Qc2 Be6 15. f3 1/2-1/2

[Event "CRO-ch U13"]
[Site "Trogir"]
[Date "2016.06.24"]
[Round "6"]
[White "Lesic, Krunoslav1111"]
[Black "Drempetic, Mario"]
[Result "0-1"]
[WhiteElo "1450"]
[BlackElo "1567"]
[PlyCount "94"]
[EventDate "2016.06.21"]
[EventType "swiss"]
[EventRounds "9"]
[EventCountry "CRO"]
[SourceTitle "EXT 2017"]
[Source "ChessBase"]
[SourceDate "2016.10.25"]
[SourceVersion "1"]
[SourceVersionDate "2016.10.25"]
[SourceQuality "1"]

1. e4 e5 2. Nf3 Nc6 3. Bc4 Bc5 4. c3 Qe7 5. d3 d6 6. Ng5 Be6 7. Nxe6 fxe6 8. Qg4 Kd7 9. Bg5 Nf6 10. Bxf6 Qxf6 11. f3 Raf8 12. Nd2 h5 13. Qg3 g5 14. 0-0-0 Qf4 15. Qxf4 exf4 16. d4 Bb6 17. Bb3 a6 18. Nc4 Ba7 19. a4 Ne7 20. Rhg1 g4 21. Rgf1 Ng6 22. Rd2 d5 23. exd5 exd5 24. Ne5+ Nxe5 25. dxe5 Be3 26. Bxd5 Bxd2+ 27. Kxd2 c6 28. Bb3 Ke7 29. Kc1 Rd8 30. fxg4 hxg4 31. Rxf4 Rxh2 32. Kb1 Rxg2 33. Rf7+ Ke8 34. Rxb7 Rf2 35. Bf7+ Rxf7 36. Rb4 Rg7 37. Re4 g3 38. Re1 g2 39. Rg1 Rd2 40. Kc1 Rf2 41. e6 Rf1+ 42. Kc2 Rxg1 43. Kb3 Rg4 44. a5 Rf1 45. Ka2 g1Q 46. c4 Rg3 47. c5 Ra1# 0-1

[Event "CRO-chT U16"]
[Site "Nasice"]
[Date "2015.12.27"]
[Round "2.4"]
[White "Safar, Sandro"]
[Black "Drempetic, Mario"]
[Result "1-0"]
[WhiteElo "1923"]
[BlackElo "1518"]
[PlyCount "85"]
[EventDate "2015.12.27"]
[EventType "team-tourn"]
[EventRounds "7"]
[EventCountry "CRO"]
[SourceTitle "EXT 2019"]
[Source "ChessBase"]
[SourceDate "2018.10.10"]
[SourceVersion "1"]
[SourceVersionDate "2018.10.10"]
[SourceQuality "1"]

1. e4 e5 2. Nf3 Nc6 3. Bc4 Bc5 4. c3 Nf6 5. d4 exd4 6. e5 d5 7. exf6 dxc4 8. fxg7 Rg8 9. cxd4 Nxd4 10. Be3 Nxf3+ 11. Qxf3 Bxe3 12. Qxe3+ Qe7 13. Nd2 Qxe3+ 14. fxe3 Be6 15. Kf2 Rxg7 16. Rhd1 0-0-0 17. Ne4 Bd5 18. Ng3 Bc6 19. Rxd8+ Kxd8 20. Rd1+ Kc8 21. Nf5 Rxg2+ 22. Kf1 Bd7 23. Kxg2 Bxf5 24. Kf3 Bg6 25. Kf4 b5 26. e4 a5 27. a4 c6 28. axb5 cxb5 29. Rd5 b4 30. Rxa5 Kd7 31. Rc5 c3 32. bxc3 bxc3 33. Rxc3 Kd6 34. h4 Ke6 35. Rc6+ Kd7 36. Rc5 h5 37. Ke5 Ke7 38. Rc6 Bh7 39. Rc7+ Ke8 40. Kf6 Bg6 41. Re7+ Kf8 42. e5 Kg8 43. e6 1-0